Phong trào đấu tranh du kích ở đồng bằng Bắc bộ phối hợp với chiến dịch Hoà Bình trong Đông - Xuân 1951 - 1952 /

Na minha lista:
Detalhes bibliográficos
Autor principal: Lê Quang Hiển, TS.
Formato: Atigo
Idioma:Vietnamese
Assuntos:
Tags: Adicionar Tag
Sem tags, seja o primeiro a adicionar uma tag!
Thư viện lưu trữ: Thư viện Trường Đại học Đà Lạt
LEADER 00873nam a2200265 4500
001 DLU090087689
005 ##20091017
040 # # |a DLU  |b vie 
041 # # |a vie 
044 # # |a vn 
100 # # |a Lê Quang Hiển,   |c TS. 
245 # # |a Phong trào đấu tranh du kích ở đồng bằng Bắc bộ phối hợp với chiến dịch Hoà Bình trong Đông - Xuân 1951 - 1952 /  |c Lê Quang Hiển. 
653 # # |a Chiến dịch Hoà Bình 
653 # # |a Chiến thuật quân sự 
653 # # |a Chiến tranh du kích 
773 # # |t Nghiên cứu lịch sử  |g Số 6(319), 2001, tr. 18-22 
920 # # |a Phòng Tạp chí -- Trung tâm Thông tin - Thư viện Trường Đại học Đà Lạt 
994 # # |a DLU 
900 # # |a True 
911 # # |a Nguyễn Thị Linh Chi 
925 # # |a G 
926 # # |a A 
927 # # |a BB 
980 # # |a Thư viện Trường Đại học Đà Lạt